000 00313nam a22001457a 4500
008 211019b ||||| |||| 00| 0 eng d
020 _a9780072934731
041 _aeng
080 _a510
082 _a510
100 _a36
101 _aMAT
245 _aIntermediate Algebra
_cDugopolski,M
942 _2udc
_cBK
999 _c58293
_d58293